Joueurs les plus décisifs de l'histoire de foot - Statistiques

Statistiques générales
  • Ce quiz a été pris 120 fois
  • Le résultat moyen est 7 sur 15
Statistiques - réponses
TOP 15 Réponse % Correct
1151 G/A Cristiano Ronaldo
100%
1222 G/A Messi
100%
646 G/A Neymar
82%
801 G/A Suárez
82%
659 G/A Benzema
79%
794 G/A Lewandowski
79%
647 G/A Thierry Henry
61%
532 G/A Cavani
38%
541 G/A Rooney
35%
545 G/A Agüero
33%
564 G/A Eto'o
28%
526 G/A Džeko
9%
726 G/A Zlatan Ibrahimović
7%
537 G/A Thomas Müller
3%
535 G/A David Villa
2%
Aucun quiz correspondant
Distribution des résultats
% des personnes avec chaque résultat
Percentile par nombre de réponses
Votre historique - résultats
Vous n’avez pas pris ce quiz